000 00552nam a22001817a 4500
005 20251108172204.0
008 250721s1982 xx 000 0 ara d
082 1 4 _aط/533.62/بول
100 1 _aبول، جون
245 1 0 _aالحركات لهوائية :
_bمبادىء و تجارب ميسرة /
264 1 _aبيروت :
_bمكتبة لبنان،
_c1982.
300 _a51ص
490 0 _aسلسلة العلوم للناشئين ؛2
650 1 7 _aالهواء
700 1 _aالخطيب، أحمد
942 _2ddc
_cBK
999 _c72703
_d72703